000 00744nam a2200181 a 4500
001 000037580
005 20200930080443.0
008 120501s2002 sp 000 0 spa d
020 _a8400080971
040 _aDO-SdBNP
_bspa
_cBNPHU
100 1 _aRedondo García, Esther
_964049
245 1 3 _aEl fogatjament general de Catalunya de 1378 /
_cEsther Redondo García.
260 _aBarcelona :
_bConsell Superior d'Investigacions Científiques :
_bInstitució Milà i Fontanals, Departament d'Estudis Medievals,.
300 _a528 p. ;
_c25 cm.
490 1 _aAnuario de estudios medievales. Anejo ;
_v48
504 _aIncluye referencias bibliográficas y notas al pie de las páginas
830 0 _aAnuario de estudios medievales Anejo ;
_v48
_964050
999 _c37070
_d37070